000 00449nam a2200181Ia 4500
003 OSt
005 20230526152803.0
008 210423s1998 xx 000 0 und d
040 _cAL
041 _aeng
082 _a294.5
_223
_bDABS
100 _aDABADE (K B).
_9114916
245 _aSociology of religion.
260 _aMangalore
_bMangal Deep Publications
_c1998
365 _b200
_cINR
906 _areligion. ; Sociology
942 _2ddc
_cBK
999 _c173385
_d173385